00486nam a2200193 a 450000100060000000300090000600800410001502000150005604000280007108200180009910000210011724500330013825000060017130000110017749000350018865000180022365000280024165000230026911543CO-ViMGA141112s2004 ck r 000 u spa d a9581801375 aCO-ViMGAbspacCO-ViMGA04aCo863.6 Z15cg1 aZalamea, Eduardo10a4 años a bordo de si mismo a1 a310 p. aBiblioteca Familiar Colombiana14aCLANES NOVELA14aGUAJIRA COLOMBIA NOVELA14aNOVELA COLOMBIANA